Ciudad de historias y arreboles : (Registro nro. 31012)
[ vista simple ]
| 000 -CABECERA | |
|---|---|
| campo de control de longitud fija | 00593nam a22001577a 4500 |
| 008 - CÓDIGOS DE INFORMACIÓN DE LONGITUD FIJA | |
| fixed length control field | 250619t |||a|||| |||| 00| 0 spa d |
| 020 ## - NÚMERO INTERNACIONAL NORMALIZADO PARA LIBROS | |
| ISBN | 9789585368606 |
| 040 ## - Fuente de catalogación | |
| Agencia original de catalogación | CO-JMCR |
| Lenguaje de catalogación | spa |
| Agencia de transcripción | CO-JMCR |
| Agencia de modificación | CO-JMCR |
| Convenciones de descripción | rda |
| 041 0# - CÓDIGO DE LENGUA | |
| Código idioma | spa |
| 082 04 - NÚMERO DE LA CLASIFICACIÓN DECIMAL DEWEY | |
| Número de clasificación Decimal | 711.986 |
| Número de documento (Cutter) | S94c |
| 100 1# - PUNTO DE ACCESO PRINCIPAL-NOMBRE DE PERSONA | |
| Nombre personal | Úsuga Soler, María Cristina, |
| 9 (RLIN) | 44176 |
| 245 10 - TÍTULO PROPIAMENTE DICHO | |
| Título | Ciudad de historias y arreboles : |
| Parte restante del título | Bucaramanga 400 años / |
| Mención de responsabilidad, etc. | María Cristina Úsuga Soler ; presentación por Hernán Porras Díaz. |
| 260 ## - PUBLICACIÓN, DISTRIBUCIÓN, ETC. (PIE DE IMPRENTA) | |
| Lugar de publicación, distribución, etc. | Bucaramanga : |
| Nombre del editor, distribuidor, etc. | Universidad Industrial de Santander, |
| Fecha de publicación, distribución, etc. | ©2021. |
| 300 ## - DESCRIPCIÓN FÍSICA | |
| Extensión | 303 páginas : |
| Otros detalles físicos | Ilustraciones ; |
| Dimensiones | 32 cm. |
| Withdrawn status | Lost status | Source of classification or shelving scheme | Damaged status | Not for loan | Collection code | Home library | Current library | Shelving location | Date acquired | Source of acquisition | Total Checkouts | Full call number | Barcode | Date last seen | Date last checked out | Copy number | Price effective from | Koha item type |
|---|---|---|---|---|---|---|---|---|---|---|---|---|---|---|---|---|---|---|
| Dewey Decimal Classification | Non-fiction | Biblioteca Pública José María del Castillo y Rada | Biblioteca Pública José María del Castillo y Rada | Book Cart | 06/16/2025 | Donación | 1 | 711.986 S94c | 201812700 | 10/31/2025 | 10/31/2025 | Ej.1 | 06/19/2025 | Books |